DOMİNİS EFSANESİ ALEV KANATLAR (Record no. 1053262)

MARC details
000 -LEADER
sabit uzunluktaki kontrol alanı 00264nam a2200097Ia 4500
001 - KONTROL NUMARASI
kontrol alanı 1053262
005 - EN SON İŞLEMİN TARİH VE ZAMANI
kontrol alanı 20250827001301.0
008 - SABİT-UZUNLUKTA VERİ ÖĞELERİ--GENEL BİLGİ
sabit uzunluktaki kontrol alanı 250824s9999 xx 000 0 und d
245 #0 - ESER / YAZAR
ESER ADI DOMİNİS EFSANESİ ALEV KANATLAR
Yazar Adı YASEMİN DERYA AKA
260 ## - YAYIN, DAĞITIM, VB.
YAYIN EVİ PANAMA YAYINLARI
Holdings
Düşüm durumu Kayıp durumu Hasar Durumu Ödünç verilmez Ana kütüphane Geçerli Kütüphane Edinilen tarih Toplam ödünç verme sayısı Barkod Son görüntüleme tarihi Fiyatın geçerli olmaya başladığı tarih Koha materyal türü
        HASAN AKBIYIK İLK VE ORTAOKULU HASAN AKBIYIK İLK VE ORTAOKULU 24.08.2025   10576600 27.08.2025 27.08.2025 Books